00709nam a2200277Ia 450000500170000000800460001702000180006303700100008104000080009104000080009904000080010704100080011504100080012308400080013110000280013924500230016724500210019026000230021126000090023436500050024336500080024885600530025694200100030999900210031995200910034020260324134858.0008 260324s9999 xx 000 0 eng d a9780429460456 aEBOOK aCRL beng cCRL 2eng aeng qCRL aJenny Teichman91198500 0aEthics and Reality 0bCollected Essays bTaylor and Francis c2001 a b180 uhttp://www.taylorfrancis.com/books/9780429460456 cEBOOK c1799020d1799020 00104070aCRLbCRLd2026-03-24l0pCL2081185r2026-03-24 13:48:58w2026-03-24yEBOOK